000 00626nam a22001937a 4500
999 _c171226
_d171226
005 20200109111323.0
010 _aENG-127303
020 _c545.00
_a9780199475001
035 _aEN-110835
037 _bDBAD/PUB.
082 _a621.38456
100 _aDalal,Upena
245 _aWireless and Mobile Communication :
_cby Upena Dalal [and] Manoj K.Shukla.
_b /
260 _aNew Delhi
_boxford University press 2019.
_c2017
270 _a22 workspace,2nd floor,1/22 Asaf Ali Road .
_bNew Delhi
_e110002
300 _axix,610p.
_c24cm.(pbk)
500 _aIt includes index
942 _2ddc
_cEN
_mDAL
_h954.51